000 00539nam a2200169Ia 4500
008 140529s9999 xx 000 0 und d
020 _a9780323073981
050 _aRM 301.28
_b.Ed59 2013
100 _aEdmunds, Marilyn Winterton.
245 _aIntroduction to clinical pharmacology /
_cMarilyn Winterton Edmunds
250 _a7th ed.
260 _aSt. Louis, Mo :
_bMosby/Elsevier,
_cc2013.
300 _a493 p. :
_bcol. ill. ;
_c28 cm.
500 _aIncludes appendix, glossary and index.
942 _kFOR
_cBK
999 _c117580
_d117580